Największe wyspy Europy - Statystyki

Ogólne statystyki
  • Ten quiz został rozwiązany 958 razy
  • Średni wynik to 8 z 20
Statystyki odpowiedzi
Nr. Odpowiedź Powierzchnia % Poprawnych
1. Wielka Brytania 209 331 km²
96%
2. Islandia 101 826 km²
95%
3. Irlandia 81 638 km²
92%
7. Sycylia 25 662 km²
77%
11. Kreta 8350 km²
74%
8. Sardynia 23 949 km²
73%
10. Korsyka 8741 km²
70%
17. Majorka 3667 km²
49%
19. Gotlandia 3027 km²
36%
12. Zelandia 7180 km²
34%
4. Wyspa Północna 47 079 km²
13%
5. Spitsbergen 38 981 km²
12%
20. Fionia 2985 km²
9%
16. Eubea 3707 km²
7%
6. Wyspa Południowa 33 246 km²
6%
13. Kołgujew 4968 km²
5%
18. Wajgacz 3329 km²
2%
14. Wyspa Edge'a 4940 km²
2%
9. Ziemia Północno-Wschodnia 14 247 km²
2%
15. Nørrejyske Ø 4685 km²
1%
Nie znaleziono quizów pasujących do podanych kryteriów
Rozkład punktacji
Procent ludzi z każdym wynikiem
Percentyl według liczby udzielonych odpowiedzi
Twoja historia wyników
Nie rozwiązałeś tego quizu